Statistics for Top 10 Austria's Eurovision entries Quiz Title

Click here to take the quiz!

General Stats

  • This quiz has been taken 3 times
  • The average score is 7 of 10

Answer Stats

HintAnswer% Correct
Always (2009)
100%
Running Scared (2011)
100%
14ºSkeletons (2017)
100%
8º (132 pt.)Day After Day (2008)
67%
Drip Drop (2010)
67%
Hold Me (2013)
67%
8º (302 pt.)Truth (2019)
67%
When the Music Dies (2012)
67%
16ºFade to Back (2022)
33%
12ºHour of the Wolf (2015)
33%

Score Distribution

Percentile by Number Answered

Percent of People with Each Score

Your Score History

You have not taken this quiz